Coming to life : (Record no. 6958)

MARC details
000 -LEADER
fixed length control field 00952nam a22002652 4500
001 - CONTROL NUMBER
control field 0000005267
005 - DATE AND TIME OF LATEST TRANSACTION
control field 20151217151959.0
008 - FIXED-LENGTH DATA ELEMENTS--GENERAL INFORMATION
fixed length control field 070611s xx 000 0 eng d
020 ## - INTERNATIONAL STANDARD BOOK NUMBER
International Standard Book Number 9966410872 :
040 ## - CATALOGING SOURCE
Original cataloging agency KABU
Transcribing agency KABU
050 #0 - LIBRARY OF CONGRESS CALL NUMBER
Classification number TP248.195
Item number .A37C66
245 10 - TITLE STATEMENT
Title Coming to life :
Remainder of title biotechnology in Africa economic recovery /
Statement of responsibility, etc. editors, Calestous Juma, John Mugabe, Patricia Kameri-Mbote.
260 ## - PUBLICATION, DISTRIBUTION, ETC. (IMPRINT)
Place of publication, distribution, etc. Nairobi :
Name of publisher, distributor, etc. Acts Press,
Date of publication, distribution, etc. 1995.
300 ## - PHYSICAL DESCRIPTION
Extent x, 192 p.
650 #0 - SUBJECT ADDED ENTRY--TOPICAL TERM
Topical term or geographic name as entry element Biotechnology
Geographic subdivision Africa.
-- 0000156469
700 1# - ADDED ENTRY--PERSONAL NAME
Personal name Juma, Calestous.
-- 0000150310
700 1# - ADDED ENTRY--PERSONAL NAME
Personal name Mugabe, John.
-- 0000150354
700 1# - ADDED ENTRY--PERSONAL NAME
Personal name Kameri-Mbote, Patricia.
-- 0000155455
908 ## - PUT COMMAND PARAMETER (RLIN)
Put command parameter 070611
950 ## - LOCAL HOLDINGS (RLIN)
-- 1
Holdings
Withdrawn status Lost status Source of classification or shelving scheme Not for loan Home library Current library Date acquired Total Checkouts Full call number Barcode Date last seen Price effective from Koha item type
    Library of Congress Classification   Kabarak, Main Campus Kabarak, Main Campus 17/12/2015   TP248.195 .A37C66 008319 17/12/2015 17/12/2015 General Collection
    Library of Congress Classification   Kabarak, Main Campus Kabarak, Main Campus 17/12/2015   TP248.195 .A37C66 008320 17/12/2015 17/12/2015 General Collection
    Library of Congress Classification   Kabarak, Main Campus Kabarak, Main Campus 17/12/2015   TP248.195 .A37C66 008321 17/12/2015 17/12/2015 General Collection
    Library of Congress Classification   Kabarak, Main Campus Kabarak, Main Campus 17/12/2015   TP248.195 .A37C66 008322 17/12/2015 17/12/2015 General Collection
Designed with assistance from East African Informatics Ltd